| 000 | 00633nam a2200217 a 4500 | ||
|---|---|---|---|
| 005 | 20240925064438.0 | ||
| 008 | 020114s1994 mx r 000 0 spa d | ||
| 020 | _a8471185857 | ||
| 035 | _aUPN01000114549 | ||
| 049 | _aCG | ||
| 050 | 4 |
_aHQ755.7 _bO8.3 |
|
| 100 | 1 | _aOtero, Oliveros F. | |
| 245 | 1 | 0 |
_aHacer familia hoy / _cOliveros F. Otero, Fernando Corominas. |
| 260 |
_aMadrid : _bPalabra, _c1994. |
||
| 300 | _a234 p. | ||
| 440 | 0 |
_aHacer familia ; _v2. _pSerie A : cómo educar |
|
| 650 | 4 |
_aEducación familiar _97274 |
|
| 650 | 4 |
_aPadres e hijos _91360 |
|
| 700 | 1 |
_aCorominas, Fernando, _ecoaut. _931180 |
|
| 905 | _aLibro | ||
| 999 |
_c88456 _d88456 |
||